Sathar, fokora jujana. (Record no. 2464)
[ view plain ]
| 000 -LEADER | |
|---|---|
| fixed length control field | 00464cam a2200193ua 4500 |
| 008 - FIXED-LENGTH DATA ELEMENTS--GENERAL INFORMATION | |
| fixed length control field | 110829n ii |||gr||||Z||||||asm |
| 040 ## - CATALOGING SOURCE | |
| Transcribing agency | MAIN |
| 082 ## - DEWEY DECIMAL CLASSIFICATION NUMBER | |
| Classification number | 491.4515 |
| 100 ## - MAIN ENTRY--PERSONAL NAME | |
| Personal name | Dutta, Dandi Ram., |
| Relator term | |
| 245 ## - TITLE STATEMENT | |
| Title | Sathar, fokora jujana. |
| Statement of responsibility, etc. | By Dandi Ram Dutta |
| 250 ## - EDITION STATEMENT | |
| Edition statement | 1st. |
| 260 ## - PUBLICATION, DISTRIBUTION, ETC. | |
| Place of publication, distribution, etc. | Guwahati: |
| Name of publisher, distributor, etc. | New Book Stall,973. |
| 300 ## - PHYSICAL DESCRIPTION | |
| Extent | 258 p.:8 cm. |
| 942 ## - ADDED ENTRY ELEMENTS (KOHA) | |
| Koha item type | Books |
| 653 ## - INDEX TERM--UNCONTROLLED | |
| Uncontrolled term | Assamese |
| 653 ## - INDEX TERM--UNCONTROLLED | |
| Uncontrolled term | Sathar |
| 653 ## - INDEX TERM--UNCONTROLLED | |
| Uncontrolled term | Fokora jujana |
| Withdrawn status | Lost status | Damaged status | Not for loan | Home library | Current library | Shelving location | Date acquired | Total Checkouts | Full call number | Barcode | Date last seen | Copy number | Price effective from | Koha item type |
|---|---|---|---|---|---|---|---|---|---|---|---|---|---|---|
| Naharkatiya College Library | Naharkatiya College Library | General Stacks | 19/09/2020 | 491.4515 | DUT | 8185 | 19/09/2020 | 1 | 19/09/2020 | Books |
